000 00406nam a2200181Ia 4500
005 20250603144949.0
008 250603s9999 xx 000 0 und d
020 _a0-582-40123-2
050 _aPZ 7 .H47 F59/
100 _aHermes, Patricia
245 0 _aFly away home
260 _aHarlow, Essex
260 _bPearson
260 _c1996
300 _a41 p
650 _aHarlow, Essex
942 _cBK
999 _c40476
_d40476